[Event "Budapest-chT1 Lilienthal 1314"]
[Site "Budapest"]
[Date "2014.01.19"]
[Round "6"]
[White "Boldizsar, Szilard"]
[Black "Makai, Gyorgy"]
[Result "0-1"]
[WhiteElo "1935"]
[BlackElo "1996"]
[PlyCount "74"]
[EventDate "2013.09.29"]
[EventType "team-tourn"]
[EventRounds "11"]
[EventCountry "HUN"]
[SourceTitle "EXT 2021"]
[Source "ChessBase"]
[SourceDate "2020.10.23"]
[SourceVersion "1"]
[SourceVersionDate "2020.10.23"]
[SourceQuality "1"]
[WhiteTeam "Csepel"]
[BlackTeam "Rakosliget"]
[WhiteTeamCountry "HUN"]
[BlackTeamCountry "HUN"]

1. d4 Nf6 2. Nf3 e6 3. Bg5 Be7 4. c4 d5 5. Nc3 0-0 6. e3 b6 7. cxd5 exd5 8. Be2 Bb7 9. 0-0 Nbd7 10. Ne5 Ne4 11. Bxe7 Qxe7 12. Nxd7 Qxd7 13. Qc2 f5 14. Rac1 c6 15. Bd3 Rae8 16. Qa4 Ba8 17. Qd1 Rf6 18. Be2 Qd6 19. Qd3 Bb7 20. f3 Rh6 21. f4 Ree6 22. g3 Qe7 23. Nxe4 dxe4 24. Qc4 Kh8 25. Rfd1 Reg6 26. d5 Qh4 27. Kf1 Qxh2 28. Ke1 Qxg3+ 29. Kd2 Rd6 30. Rc3 Rxd5+ 31. Kc2 Rxd1 32. Kxd1 Rd6+ 33. Kc2 Qg6 34. Qa4 a5 35. b4 axb4 36. Qxb4 c5 37. Qb5 h6 0-1

[Event "Budapest-chT1 Lilienthal 1011"]
[Site "Budapest"]
[Date "2011.03.06"]
[Round "10"]
[White "Demjen, Attila"]
[Black "Boldizsar, Szilard"]
[Result "1/2-1/2"]
[WhiteElo "2026"]
[BlackElo "1912"]
[PlyCount "40"]
[EventDate "2010.09.19"]
[EventType "team-tourn"]
[EventRounds "11"]
[EventCountry "HUN"]
[SourceTitle "EXT 2020"]
[Source "ChessBase"]
[SourceDate "2019.10.17"]
[SourceVersion "1"]
[SourceVersionDate "2019.10.17"]
[SourceQuality "1"]
[WhiteTeam "Budapest Honved III"]
[BlackTeam "Csepel"]
[WhiteTeamCountry "HUN"]
[BlackTeamCountry "HUN"]

1. e4 e6 2. d4 d5 3. e5 c5 4. c3 Nc6 5. Nf3 Nge7 6. a3 Nf5 7. g4 Nfe7 8. dxc5 Ng6 9. Bg5 Qc7 10. b4 a5 11. Bb5 Bd7 12. Bxc6 Bxc6 13. Qe2 Bd7 14. 0-0 b6 15. cxb6 Qxb6 16. Nbd2 Bb5 17. c4 dxc4 18. Nxc4 Qa6 19. Rfc1 h6 20. Be3 Bxc4 1/2-1/2

[Event "Budapest-chT1 Lilienthal 1011"]
[Site "Budapest"]
[Date "2011.02.27"]
[Round "9"]
[White "Nagy, Laszlo"]
[Black "Boldizsar, Szilard"]
[Result "1-0"]
[WhiteElo "2012"]
[BlackElo "1912"]
[PlyCount "37"]
[EventDate "2010.09.19"]
[EventType "team-tourn"]
[EventRounds "11"]
[EventCountry "HUN"]
[SourceTitle "EXT 2020"]
[Source "ChessBase"]
[SourceDate "2019.10.17"]
[SourceVersion "1"]
[SourceVersionDate "2019.10.17"]
[SourceQuality "1"]
[WhiteTeam "Fabulon"]
[BlackTeam "Csepel"]
[WhiteTeamCountry "HUN"]
[BlackTeamCountry "HUN"]

1. c4 Nf6 2. Nc3 e6 3. d4 d5 4. Nf3 c6 5. e3 Nbd7 6. Qc2 Bd6 7. b3 e5 8. dxe5 Nxe5 9. Be2 dxc4 10. bxc4 Be6 11. Nxe5 Bxe5 12. 0-0 0-0 13. f4 Bd6 14. e4 Bc5+ 15. Kh1 Qd4 16. Bb2 Ng4 17. Bxg4 Bxg4 18. Nd5 Bd1 19. Raxd1 1-0

[Event "Budapest-chT1 Lilienthal 1011"]
[Site "Budapest"]
[Date "2011.02.06"]
[Round "8"]
[White "Smaraglay, Botond"]
[Black "Boldizsar, Szilard"]
[Result "0-1"]
[WhiteElo "2047"]
[BlackElo "1912"]
[PlyCount "38"]
[EventDate "2010.09.19"]
[EventType "team-tourn"]
[EventRounds "11"]
[EventCountry "HUN"]
[SourceTitle "EXT 2020"]
[Source "ChessBase"]
[SourceDate "2019.10.17"]
[SourceVersion "1"]
[SourceVersionDate "2019.10.17"]
[SourceQuality "1"]
[WhiteTeam "Budapest HUSI II"]
[BlackTeam "Csepel"]
[WhiteTeamCountry "HUN"]
[BlackTeamCountry "HUN"]

1. c4 Nf6 2. Nc3 e6 3. d4 c5 4. Nf3 d5 5. dxc5 Bxc5 6. cxd5 exd5 7. Nd4 Ne4 8. Be3 0-0 9. Qb3 Nc6 10. Nxc6 bxc6 11. Nxe4 Bxe3 12. Qxe3 dxe4 13. Qxe4 Qa5+ 14. b4 Qa3 15. Qd3 Qxb4+ 16. Qd2 c5 17. e3 Be6 18. 0-0-0 Qa3+ 19. Kb1 Bxa2+ 0-1